Statistics for Landlocked Countries - Quiz

Click here to take the quiz!

General Stats

  • This quiz has been taken 28 times
  • The average score is 7 of 12

Answer Stats

Hint Answer % Correct
Biggest in sizeKazakhstan
96%
Smallest in sizeVatican City
96%
Smallest in populationVatican City
78%
Smallest capital cityVatican City
65%
Most northernBelarus
61%
Most southernLesotho
61%
Least densely populatedMongolia
57%
Biggest in populationEthiopia
52%
Closest to the seaSan Marino
48%
Most densely populatedVatican City
39%
Furthest to the seaKyrgyzstan
35%
Biggest capital cityKabul
13%

Score Distribution

Percentile by Number Answered

Percent of People with Each Score

Your Score History

You have not taken this quiz